Statistiques concernant Villes les plus peuplées du monde commençant par C

Cliquez ici pour prendre le quiz!

Statistiques générales

  • Ce quiz a été pris 170 fois
  • Le résultat moyen est 6 sur 10

Statistiques - réponses

PaysVilles% Correct
VenezuelaCaracas
93%
MarocCasablanca
91%
États-UnisChicago
86%
IndeCalcutta
83%
ChineCanton
78%
IndeChennai
40%
ChineChengdu
38%
ChineChongqing
30%
ChineChangsha
10%
ChineChangchun
8%

Distribution des résultats

Percentile par nombre de réponses

% des personnes avec chaque résultat

Votre développement - résultats

Vous n’avez pas pris ce quiz